000 00566nam a2200181Ia 4500
008 190427s9999 xx 000 0 und d
100 _aFoote, Alan
245 _aKnowledge Management Models within Information Technology Projects/
245 _cAlan foote and Leila A. Halawi.--
260 _bTaylor and Francis Group
260 _c2018
300 _apages 89-98, 2018
440 _aJournal of Computer Inforamation System
_v58(1)
650 _a Project management
650 _aIT Project Success
650 _aKnowledge Management
650 _aPKM Model
999 _c361715
_d361715